| 000 | 00347nam a22001337a 4500 | ||
|---|---|---|---|
| 008 | 250217b |||||||| |||| 00| 0 eng d | ||
| 020 | _a978338841X | ||
| 050 |
_aHD2746 _b.U68 |
||
| 100 | _aUMUNNAEHILA, Allurell | ||
| 245 | _aCorporate Restructuring in Nigeria | ||
| 260 |
_aLagos _bFoundation Publishers _c2001 |
||
| 300 | _aix, 294p. | ||
| 942 | _cBK | ||
| 999 |
_c1952 _d1952 |
||